| 000 | 00885nam a22002298a 4500 | ||
|---|---|---|---|
| 005 | 20090616134013.0 | ||
| 008 | 090417s2009 ii 000 0 eng | ||
| 010 | _aENG-94021 | ||
| 020 |
_a9788125036579 _c330.00 |
||
| 035 | _aEN-77554 | ||
| 037 | _bDBAD / PUB | ||
| 040 |
_adpl _bEnglish |
||
| 082 | _a883.08 | ||
| 100 | _aPadma, V. | ||
| 245 |
_aFiction as window: _cby V. Padma _bcritiquing the Indian literary cultural ethos since the 1980s / |
||
| 260 |
_aNew Delhi _bOrient Blackswan _c2009 |
||
| 270 |
_a1/24, Asaf Ali Road, _bNew Delhi _e110002 |
||
| 300 |
_aix, 253p. _c22cm(pbk) |
||
| 500 | _aIncludes bibliographical references and index | ||
| 942 |
_2ddc _cEN _mPAD _h883.08 |
||
| 999 |
_c27499 _d27499 |
||